000 00560nam a22001817a 4500
005 20180504110600.0
010 _aENG-122883
020 _a9789386582898
_c250.00
035 _aEN-106415
037 _bDBAD/PUB
082 _a345.02523
100 _aWalsh, Cecil
245 _aThe Agra double murder :
_cby Cecil Walsh
_ba crime of passion from the raj /
260 _aNew Delhi
_bSpeaking Tiger
_c2017
270 _a4381/4, Ansari Road, Daryaganj,
_bNew Delhi
_e110002
300 _a165p.
_c21cm(pbk)
942 _2ddc
_cEN
_mWAL
_h345.02523
999 _c151881
_d151881